00850nas a2200229Ia 4500001001100000003000900011008004100020040001300061040001300074041001300087100004800100210001500148222001500163245008300178250001100261260002400272501008600296300001600382362002600398500015300424650004300577R137/A9849IT-RoPAU151124c99999999xx |||||||||||| ||und|| aIT-RoPAU cIT-RoPAU aITALIANO aSutto Maria PaolagCodice Aut. SPICS: 45763 aMULTIMEDIA aMultimedia aMULTIMEDIA, ANNO 02-N.08 (1992)bEditoria Multimediale (L'): un Primo Bilancio a1a ed. aTORINObSONDAc1992 bPaulus - SPICS - Società San Paolo EM (non-commercial uses only)cCopyright2015 a5 p. [9-13] aANNO 002, N.08 (1992) aSituazione Attuale nel Panorama Editoriale Italiano: Rizzoli. Mondadori, Einaudi, Istituto Geografico De Agostini, Giunti, Sei. Prodotti Home Video. aCOMUNICAZIONEvPUBBLICAZIONE PERIODICA